Journey through Pakistan / (Record no. 590311)
[ view plain ]
| 000 -LEADER | |
|---|---|
| fixed length control field | 00593nam a2200193 a 4500 |
| 020 ## - INTERNATIONAL STANDARD BOOK NUMBER | |
| International Standard Book Number | 0370304896 : |
| Terms of availability | £34.95 |
| 082 00 - DEWEY DECIMAL CLASSIFICATION NUMBER | |
| Classification number | 915.491045 |
| Author Mark | AMI |
| 100 1# - MAIN ENTRY--PERSONAL NAME | |
| Personal name | Amin, Mohamed, |
| Dates associated with a name | 1943- |
| 245 10 - TITLE STATEMENT | |
| Title | Journey through Pakistan / |
| Statement of responsibility, etc. | Mohamed Amin, Duncan Willetts, Graham Hancock. |
| 260 ## - PUBLICATION, DISTRIBUTION, ETC. | |
| Place of publication, distribution, etc. | London : |
| Name of publisher, distributor, etc. | Bodley Head, |
| Date of publication, distribution, etc. | 1982. |
| 300 ## - PHYSICAL DESCRIPTION | |
| Extent | 254 p. : |
| Other physical details | col. ill. ; |
| Dimensions | 32 cm. |
| 563 ## - BINDING INFORMATION | |
| Binding note | HBK. |
| 700 1# - ADDED ENTRY--PERSONAL NAME | |
| Personal name | Willetts, Duncan. |
| 700 1# - ADDED ENTRY--PERSONAL NAME | |
| Personal name | Hancock, Graham. |
| 942 ## - ADDED ENTRY ELEMENTS (KOHA) | |
| Source of classification or shelving scheme | |
| Koha item type | Book |
| 700 1# - ADDED ENTRY--PERSONAL NAME | |
| -- | 5463 |
| 700 1# - ADDED ENTRY--PERSONAL NAME | |
| -- | 5464 |
| Withdrawn status | Lost status | Source of classification or shelving scheme | Damaged status | Not for loan | Permanent Location | Current Location | Date acquired | Source of acquisition | Total Checkouts | Full call number | Barcode | Date last seen | Price effective from | Koha item type |
|---|---|---|---|---|---|---|---|---|---|---|---|---|---|---|
| Central Library (CL) | Central Library (CL) | 07/15/2022 | Donated by Tughral Yamin | 915.491045 AMI | CL-D-1826 | 01/13/2023 | 07/15/2022 | Book |
